书目信息 |
| 题名: |
中国青年运动历史资料
|
|
| 作者: | ;中国新民主主义青年团中央委员会办公厅 编 | |
| 分册: | 6 | |
| 出版信息: | 北京 中国新民主主义青年团中央委员会办公厅 1957 |
|
| 页数: | 630页 | |
| 开本: | 20cm | |
| 丛书名: | ||
| 单 册: | ||
| 中图分类: | D432.9 | |
| 科图分类: | ||
| 主题词: | 学生运动 , 青年运动 , 青年组织 , 学生组织 | |
| 电子资源: | ||
| ISBN: | ||
| 000 | 00893nam0 2200241 450 | |
| 001 | 0636467077 | |
| 005 | 20060813081638.70 | |
| 010 | @dCNY2.50 | |
| 100 | @a20060720d1957 km y0chiy0120 ea | |
| 101 | 0 | @achi |
| 102 | @aCN@b110000 | |
| 200 | 1 | @a中国青年运动历史资料@Azhong guo qing nian yun dong li shi zi liao@h6@e1929(7月-12月)@f中国新民主主义青年团中央委员会办公厅编@Fzhong guo xin min zhu zhu yi qing nian tuan zhong yang wei yuan hui ban gong ting bian |
| 210 | @a北京@c中国新民主主义青年团中央委员会办公厅@d1957 | |
| 215 | @a630页@d20cm | |
| 517 | 1 | @a1929(7月-12月) |
| 606 | 0 | @a学生运动 |
| 606 | 0 | @a青年运动 |
| 606 | 0 | @a青年组织 |
| 606 | 0 | @a学生组织 |
| 690 | @aD432.9@v3 | |
| 711 | 0 | @a中国新民主主义青年团中央委员会办公厅@Azhong guo xin min zhu zhu yi qing nian tuan zhong yang wei yuan hui ban gong ting@4编 |
| 801 | 0 | @aCN@bPFT@c20060813 |
| 905 | @a10447@dD432.9@e158:6 | |
| 中国青年运动历史资料.6:1929(7月-12月)/中国新民主主义青年团中央委员会办公厅编.-北京:中国新民主主义青年团中央委员会办公厅,1957 |
| 630页;20cm |
| ISBN :CNY2.50 |
| ● |
| 相关链接 |
|
|
|
|
正题名:中国青年运动历史资料
索取号:D432.9/158:6
 
预约/预借
| 序号 | 登录号 | 条形码 | 馆藏地/架位号 | 状态 | 备注 |
| 1 | 0425845 | 204258454 | 密集书库/ [索取号:D432.9/158:6] | 在馆 | |
| 2 | 0435336 | 204353369 | 密集书库/ [索取号:D432.9/158:6] | 在馆 | |
| 3 | 0448796 | 204487965 | 密集书库/ [索取号:D432.9/158:6] | 在馆 | |
| 4 | 0448914 | 204489142 | 密集书库/ [索取号:D432.9/158:6] | 在馆 | |
| 5 | 0448930 | 204489302 | 密集书库/ [索取号:D432.9/158:6] | 在馆 | |
| 6 | 0459055 | 204590558 | 密集书库/ [索取号:D432.9/158:6] | 在馆 | |
| 7 | 0459330 | 204593305 | 密集书库/ [索取号:D432.9/158:6] | 在馆 |